000 00630nam a22001817a 4500
999 _c187713
_d187713
005 20220428153430.0
010 _aENG-132436
020 _a9789385616334
_c495.00
035 _aEN-115968
037 _bDBAD/PUB
082 _a612.015024613
100 _aRao, P. Prabhakar
245 _aBiochemistry:
_b B.Sc.Nursing First Year/
_cP. Prabhakar Rao
260 _aVijayawada
_bVijayam Publications
_c2022
270 _a219, Prakasam Road,
_bVijayawada
_e517501
_k0877-2222371, 9885479105
_l2222374
_mvijayampublicationstirupati@gmail.com
300 _aVp.
_bIndex
_c24cm(pbk)
942 _2ddc
_cEN
_h612.015024613
_mRAO